Εξόρυξη δεδομένων σε χρονοσειρές περιβαλλοντικού ενδιαφέροντος : μεταπτυχιακή διατριβή :

Στόχος της παρούσας έρευνας είναι η βελτίωση της πρόβλεψης της ημερήσιας μέγιστης θερμοκρασίας στο Ελληνικό Αττικής. Για τον σκοπό αυτό, χρησιμοποιήθηκαν οι αλγόριθμοι μηχανικής μάθησης, «Μηχανές Διανυσμάτων Υποστήριξης» (ΜΔΥ) και «Γραμμικά Μοντέλα» (ΓΜ), οι οποίοι υλοποιήθηκαν χρησιμοποιώντας την γ...

Full description

Saved in:
Bibliographic Details
Main Author: Ροδοπούλου, Ευγενία
Corporate Author: Πανεπιστήμιο Αιγαίου. Σχολή Θετικών Επιστημών. Τμήμα Στατιστικής και Αναλογιστικών-Χρηματοοικονομικών Μαθηματικών. Μεταπτυχιακό Πρόγραμμα Στατιστική και Αναλογιστικά - Χρηματοοικονομικά Μαθηματικά
Format: Thesis Book
Language:Greek
Published: [2016].
Subjects:
Online Access:http://hdl.handle.net/11610/17746
Tags: Add Tag
No Tags, Be the first to tag this record!

MARC

LEADER 00000cam a2200000 a 4500
001 1/112921
008 170202q2016####gr | ||| |||| ||gre||
040 |a GR-MyUa  |b gre  |c GR-MyUa  |e AACR2 
041 0 |a gre 
082 7 |a 006.31   |2 (23)  
100 1 |a Ροδοπούλου, Ευγενία. 
245 1 0 |a Εξόρυξη δεδομένων σε χρονοσειρές περιβαλλοντικού ενδιαφέροντος :   |b μεταπτυχιακή διατριβή :   |c Ευγενία Ροδοπούλου ; επιβλέπων καθηγητής Δημήτριος-Φραγκίσκος Λέκκας.  
260 |c [2016].  
300 |a 76 σ. :   |b διαγρ., πιν. ;   |c 30 εκ.  
500 |a Μέλη της εξεταστικής επιτροπής: Δημήτριος-Φραγκίσκος Λέκκας, Μανώλης Μαραγκουδάκης, Καραγρηγορίου Αλέξανδρος.  
502 |a Διατριβή (μεταπτυχιακή) - Πανεπιστήμιο Αιγαίου, Σάμος, 2016.  
504 |a Βιβλιογραφία: σ. 71-72.  
506 0 |a Διάθεση πλήρους κειμένου - Ελεύθερη πρόσβαση.  
520 8 |a Στόχος της παρούσας έρευνας είναι η βελτίωση της πρόβλεψης της ημερήσιας μέγιστης θερμοκρασίας στο Ελληνικό Αττικής. Για τον σκοπό αυτό, χρησιμοποιήθηκαν οι αλγόριθμοι μηχανικής μάθησης, «Μηχανές Διανυσμάτων Υποστήριξης» (ΜΔΥ) και «Γραμμικά Μοντέλα» (ΓΜ), οι οποίοι υλοποιήθηκαν χρησιμοποιώντας την γλώσσα προγραμματισμού για στατιστικούς υπολογισμούς, R. Τα δεδομένα συλλέχθηκαν από το ΕCA (“European Climate Assessment”) για τον ελληνικό μετεωρολογικό σταθμό του Ελληνικού στην Αθήνα. Μετά από ανάλυση και προεπεξεργασία των δεδομένων, οι ανεξάρτητες μεταβλητές που επιλέχθηκαν είναι η μέγιστη θερμοκρασία μιας ημέρας πριν, η υγρασία, η ατμοσφαιρική πίεση στην επιφάνεια της θάλασσας και η συννεφιά. Η επιλογή των συγκεκριμένων αλγορίθμων έγινε σύμφωνα με έρευνες αντίστοιχου περιεχομένου, καθώς και με την εφαρμογή μέτρων απόδοσης. Σημαντικό παράγοντα για την βελτίωση του αποτελέσματος αποτέλεσε η κανονικοποίηση των δεδομένων και τα διαγράμματα διασποράς που χρησιμοποιήθηκαν για την ανίχνευση της πολυσυγραμμικότητας. Επιπλέον, η μέθοδος «αναδρομική εξάλειψη χαρακτηριστικών» συνέβαλε στην τελική επιλογή των ανεξάρτητων μεταβλητών που δίνουν το μικρότερο σφάλμα. Στην εν λόγω εργασία, ο αλγόριθμος «Μηχανές Διανυσμάτων Υποστήριξης» έδωσε μικρότερο σφάλμα για την πρόβλεψη της μέγιστης θερμοκρασίας από τον αλγόριθμο «Γραμμικά Μοντέλα». Ωστόσο, το σημαντικό πλεονέκτημα του αλγορίθμου ΓΜ είναι πως ήταν αισθητά πιο ταχύς από τον ΜΔΥ. Τέλος, και για τις δυο περιπτώσεις προβλέπεται η μέγιστη θερμοκρασία της επόμενης μέρας με πολύ χαμηλό σφάλμα, λαμβάνοντας υπόψη τις ήδη υπάρχουσες έρευνες σχετικού περιεχομένου. 
650 0 |a Dissertations, Academic  |z Greece. 
650 0 |a Machine learning. 
650 0 |a Linear models (Statistics) 
700 1 |a Λέκκας, Δημήτριος-Φραγκίσκος Θ.  |e dgs 
710 2 |a Πανεπιστήμιο Αιγαίου.   |b Σχολή Θετικών Επιστημών.   |b Τμήμα Στατιστικής και Αναλογιστικών-Χρηματοοικονομικών Μαθηματικών.   |b Μεταπτυχιακό Πρόγραμμα Στατιστική και Αναλογιστικά - Χρηματοοικονομικά Μαθηματικά. 
852 |a INST  |b SAMOS  |c DIATR  |e 20170202  |h 006.31 ΡΟΔ  |p 005300044291  |q 005300044291  |t MTXE  |y 23 
856 |u http://hdl.handle.net/11610/17746 
924 |a Ροδοπούλου  |b Ευγενία  |y Σάμος  |z 2016-09 
970 |a Κοσιέρης  |b Χρήστος  |z 02-02-2017